[Event "WYCC 2018 O18"]
[Site "Halkidiki"]
[Date "2018.10.20"]
[Round "1"]
[White "Ranaldi, Lucas"]
[Black "Manu David Suthandram R"]
[Result "1/2-1/2"]
[WhiteElo "2335"]
[BlackElo "1970"]
[Annotator "NA"]
[PlyCount "90"]
[EventDate "2018.10.20"]
[EventType "swiss"]
[EventCountry "GRE"]
[SourceTitle "playchess.com"]
[Source "ChessBase"]
[SourceQuality "1"]
[TimeControl "40/5400+30:1800+30"]

1. d4 {[%emt 0:00:00]} Nf6 {[%emt 0:00:00]} 2. c4 {[%emt 0:00:00]} e6 {[%emt 0:00:01]} 3. Nc3 {[%emt 0:00:01]} d5 {[%emt 0:00:06]} 4. cxd5 {[%emt 0:00:11]} exd5 {[%emt 0:00:10]} 5. Bg5 {[%emt 0:00:09]} Be7 {[%emt 0:00:06]} 6. e3 {[%emt 0:00:11]} O-O {[%emt 0:00:08]} 7. Bd3 {[%emt 0:00:07]} h6 {[%emt 0:02:34]} 8. Bh4 {[%emt 0:00:15]} c5 {[%emt 0:00:34]} 9. dxc5 {[%emt 0:02:58] D35: Damengambit (Abtauschvariante)} Nbd7 {[%emt 0:00:06]} 10. Nge2 {[%emt 0:01:47]} Nxc5 {[%emt 0:00:41]} 11. O-O {[%emt 0:11:05]} Be6 {[%emt 0:07:07]} 12. Bc2 {[%emt 0:15:44]} (12. Nd4 Qd7 13. Bb5 Qd6 14. Rc1 Rac8 15. Be2 a6 16. f3 b5 {0-1 (36) Koneru,H (2557)-Cori Tello,D (2391) Batumi 2018}) 12... Qb6 {[%emt 0:10:34]} 13. Rb1 {[%emt 0:03:53]} Rfd8 {[%emt 0:05:48]} 14. Nd4 {[%emt 0:01:55]} Rd7 $146 {[%emt 0:11:12]} ({Vorgänger:} 14... Rac8 15. Nf5 Bxf5 16. Bxf5 Rb8 17. Bxf6 Bxf6 18. Nxd5 {½-½ (30) Li,Z (2249)-Watson,B (2300) Auckland 2012}) 15. Nxe6 {[%emt 0:34:25]} Qxe6 {[%emt 0:06:46]} 16. Ne2 {[%emt 0:05:01]} Qb6 {[%emt 0:11:33]} 17. Nd4 {[%emt 0:03:12]} g6 {[%emt 0:07:19]} 18. Qe2 {[%emt 0:01:25]} Nfe4 {[%emt 0:03:26]} 19. Bxe7 {[%emt 0:00:38]} Rxe7 {[%emt 0:00:01]} 20. Rfd1 {[%emt 0:00:56]} Rae8 {[%emt 0:01:33]} 21. Nb3 $15 {[%emt 0:03:30]} (21. a4 $14) 21... Re5 {[%emt 0:01:14]} 22. Nd4 {[%emt 0:01:49]} Nf6 {[%emt 0:04:40]} 23. Qb5 {[%emt 0:03:24]} Qxb5 {[%emt 0:02:29]} 24. Nxb5 {[%emt 0:00:01]} a6 {[%emt 0:00:11]} 25. Nd4 {[%emt 0:02:19]} Nce4 {[%emt 0:01:33]} 26. h3 {[%emt 0:02:53]} R5e7 {[%emt 0:01:37]} 27. Rbc1 {[%emt 0:00:24]} Rc8 {[%emt 0:00:50]} 28. Bb3 {[%emt 0:01:54]} Rxc1 {[%emt 0:00:44]} 29. Rxc1 {[%emt 0:00:01]} Nd2 {[%emt 0:00:09]} 30. Rc8+ {[%emt 0:01:51]} Kg7 {[%emt 0:00:15]} 31. Bd1 {[%emt 0:01:17]} Nc4 {[%emt 0:01:33]} 32. b3 {[%emt 0:00:46]} Nb6 {[%emt 0:00:04]} 33. Rc2 {[%emt 0:00:57]} Ne8 {[%emt 0:00:32]} 34. Bf3 {[%emt 0:01:24]} Rc7 {[%emt 0:00:10]} 35. Kf1 {[%emt 0:00:29]} Kf6 {[%emt 0:00:14]} 36. Ke2 {[%emt 0:00:16]} Rxc2+ {[%emt 0:00:44]} 37. Nxc2 {[%emt 0:00:01]} Ke5 {[%emt 0:00:13]} 38. Kd3 {[%emt 0:00:25]} Nd6 {[%emt 0:00:07]} 39. a4 {[%emt 0:01:19]} Nd7 {[%emt 0:00:55]} 40. Kc3 {[%emt 0:00:00]} Nc5 {[%emt 0:00:00]} 41. Kb4 {[%emt 0:26:12]} Nd3+ {[%emt 0:00:57]} 42. Ka5 {[%emt 0:00:01]} Nxf2 {[%emt 0:00:15]} 43. Nb4 {[%emt 0:02:09]} d4 {[%emt 0:02:17]} 44. exd4+ {[%emt 0:00:22]} Kxd4 {[%emt 0:00:09]} 45. Na2 {[%emt 0:01:58]} Kd3 {[%emt 0:15:39]} 1/2-1/2

[Event "WYCC 2018 O18"]
[Site "Halkidiki"]
[Date "2018.10.20"]
[Round "1"]
[White "Wang, Shixu B"]
[Black "Kadianis, Georgios"]
[Result "1/2-1/2"]
[WhiteElo "2330"]
[BlackElo "1928"]
[Annotator "TA"]
[PlyCount "231"]
[EventDate "2018.10.20"]
[EventType "swiss"]
[EventCountry "GRE"]
[SourceTitle "playchess.com"]
[Source "ChessBase"]
[SourceQuality "1"]

{[%evp 21,231,15,28,14,10,4,12,8,16,0,17,27,16,0,28,0,17,0,7,12,13,19,62,61,69,11,63,64,117,70,76,74,83,73,74,68,72,72,84,86,84,76,83,77,79,81,84,81,127,125,143,131,190,135,139,137,243,238,226,173,173,173,180,171,175,124,133,127,122,122,124,105,107,100,143,133,206,229,214,199,182,152,146,148,135,135,138,135,193,191,164,150,203,230,227,221,224,214,202,92,79,85,104,0,0,0,0,0,0,0,0,0,0,0,0,0,0,0,0,0,0,0,0,0,0,0,0,0,0,0,0,0,0,0,0,0,0,0,0,0,0,0,0,0,0,0,0,0,0,0,0,0,0,0,0,0,0,0,0,0,0,0,0,0,0,0,0,0,0,0,0,0,0,0,0,0,0,0,0,0,0,0,0,0,0,0,0,0,0,0,0,0,0,0,0,0,0,0,0,0,0,0,41,41,41,40,41,41,41,41,41,36]} 1. Nf3 d5 2. c4 c6 3. d4 Nf6 4. Nc3 e6 5. Bg5 Nbd7 6. cxd5 exd5 7. e3 h6 {D35: Queen's Gambit Declined: Exchange Variation} (7... Be7 8. Bd3 Ne4 9. Bf4 Ndf6 10. h3 Bf5 11. Qc2 Nxc3 12. Bxf5 Nce4 13. O-O g6 14. Bxe4 Nxe4 15. Bh6 f6 16. b4 Qd7 17. Rab1 {0-1 (31) Gupta,A (2588)-Dreev,A (2649) chess.com INT 2018}) 8. Bf4 g5 9. Bg3 Nh5 10. Bd3 Nxg3 11. hxg3 Bg7 {LiveBook: 55 Games} 12. Rc1 Qe7 13. Qc2 Nf6 14. Ne5 O-O 15. O-O {[#]} Ng4 $146 16. Nxg4 Bxg4 17. Rfe1 Rae8 18. Rb1 Bc8 19. Bh7+ Kh8 20. Bf5 Bxf5 21. Qxf5 a5 22. g4 Qe6 23. Rec1 ({White should play} 23. Na4 $14) 23... Rc8 (23... h5 $11) 24. Na4 $14 Qd6 (24... Rc7 $14) 25. Rc5 Qc7 26. Rbc1 Qd8 27. R5c2 Rc7 28. Nc3 {[%cal Ba4c3,Bc3e2,Be2g3,Bg3f5][%mdl 32] Strongly threatening Nxd5!} Rd7 29. Ne2 Qe7 30. Ng3 Qe6 31. Qf3 Rc8 32. Nf5 b6 33. Qe2 Rdc7 34. Qa6 c5 35. dxc5 bxc5 36. Qxa5 {[%cal Rc2c5]} Bf8 (36... c4 $16 37. f3 Kh7) 37. Qc3+ (37. b4 $18) 37... Kh7 38. Rd1 f6 (38... Rd8 $16 39. f3 Ra7) 39. Qd3 $18 Qe4 40. Rcd2 Qxd3 41. Rxd3 Rb8 42. R1d2 Rcb7 43. b3 (43. Rxd5 $18 Rxb2 44. Rxb2 Rxb2 45. Rd8) 43... c4 $16 44. Rxd5 cxb3 45. axb3 Rxb3 46. Rd7+ Kg6 47. Ng3 Rb1+ 48. Kh2 R1b2 (48... R8b4 $16) 49. Rxb2 $1 $18 Rxb2 {[%mdl 4096] Endgame KRB-KRN} 50. f4 gxf4 51. exf4 Rb4 52. Nh5 {And now Kh3 would win.} f5 53. Kh3 fxg4+ 54. Kxg4 Rb5 (54... Re4 $16 55. Rd8 Kf7) 55. Rc7 {Hoping for f5+!} Rb4 56. Kh4 Bd6 (56... Re4 $16 57. Kg4 Ra4) 57. Rg7+ $1 Kf5 58. Rf7+ $1 Ke4 {[#]} 59. Kg4 $1 Rb8 60. Ng3+ (60. Nf6+ $18 Ke3 61. g3) 60... Kd5 $16 61. Nf5 {Threatens to win with Rd7.} Rg8+ {[#]} 62. Kf3 ({White must play} 62. Rg7 $1 $16 {[%cal Rg7g8]} Rxg7+ 63. Nxg7) 62... Bxf4 $11 63. Kxf4 {Ne7+ is the strong threat.} Rxg2 {KRN-KR} 64. Rd7+ Kc6 65. Rd6+ Kc5 66. Rxh6 Ra2 67. Ke4 Ra4+ 68. Ke5 Ra1 69. Nd6 Kc6 70. Ne4+ Kc7 71. Nc3 Re1+ 72. Kd5 Kd7 73. Rh7+ Re7 74. Rh1 Re3 75. Nb5 Ke7 76. Rh6 Rg3 77. Re6+ Kd7 78. Re5 Rg1 79. Rh5 Ke7 80. Nd4 Rd1 81. Rh6 Rd2 82. Ke5 Kf7 83. Rf6+ Ke7 84. Rd6 {White wants to mate with Nc6+.} Ra2 85. Nf5+ Kf7 86. Rd7+ Kg6 87. Rg7+ Kh5 88. Nd6 (88. Ng3+ {with more complications.} Kh4 89. Ke4 Ra4+ 90. Kf3 Ra3+ 91. Ke4) 88... Ra5+ 89. Kf4 Kh6 90. Rg1 Ra4+ 91. Kf5 Ra5+ 92. Kf6 {Intending Rh1+ and mate.} Kh5 93. Nc4 Ra6+ 94. Kf5 {[%cal Rg1h1]} Kh4 95. Rg4+ Kh3 96. Ne5 Ra8 97. Rg7 Rf8+ 98. Ke4 Ra8 99. Nd3 Ra4+ 100. Kf3 Kh4 101. Rg8 (101. Nc1 {keeps more tension.} Ra3+ 102. Ke4 Ra4+ 103. Kd5 Ra5+ 104. Kc6) 101... Ra3 102. Ke4 Ra4+ 103. Kf5 Ra1 104. Rg4+ (104. Rg6 {is more complex.} Ra5+ 105. Ke4 Ra4+ 106. Kf3 Ra3 107. Kf4) 104... Kh3 105. Nf4+ Kh2 106. Rg2+ Kh1 107. Rd2 Kg1 108. Kg4 Ra8 109. Kg3 {[%cal Rd2d1]} Rg8+ 110. Kf3 {Threatening mate with Nh3+.} Rf8 111. Rd7 Kh2 112. Rg7 {White is slightly better.} Kh1 113. Rg3 Kh2 114. Rg4 {White threatens Kf2 and mate.} Rf7 115. Kf2 {[%cal Rg4h4]} Rh7 116. Rg3 {Precision: White = 76%, Black = 72%.} 1/2-1/2

[Event "WYCC 2018 O18"]
[Site "Halkidiki"]
[Date "2018.10.20"]
[Round "1"]
[White "Alexiadis, Hristos"]
[Black "Sarana, Alexey"]
[Result "1/2-1/2"]
[WhiteElo "2263"]
[BlackElo "2641"]
[Annotator "TA"]
[PlyCount "110"]
[EventDate "2018.10.20"]
[EventType "swiss"]
[EventCountry "GRE"]
[SourceTitle "playchess.com"]
[Source "ChessBase"]
[SourceQuality "1"]

{[%evp 14,110,14,3,39,33,48,43,65,41,85,33,25,34,93,45,43,10,11,22,21,13,24,0,0,-10,-10,-20,-8,-29,-1,-10,2,6,10,4,18,-40,-36,-46,0,0,0,-37,-33,-43,-18,-29,0,-17,10,10,508,496,602,592,533,82,87,89,106,0,0,0,0,0,22,21,63,40,51,0,44,22,22,17,80,35,55,12,12,8,8,4,10,1,1,1,1,1,1,1,1,1,8,1,1,1,1]} 1. d4 Nf6 2. Nf3 g6 3. Bg5 Bg7 4. Nbd2 O-O 5. c3 d5 6. e3 Nbd7 7. Be2 c5 8. O-O Qb6 {D03: 1 d4 d5 2 Nf3 Nf6 3 Bg5, including Torre Attack with early ...d5} (8... b6 9. a4 a6 10. b4 Bb7 11. a5 cxb4 12. cxb4 b5 13. Rc1 Ne8 14. Nb3 Nd6 15. Ne1 Nc4 16. Nd3 Ra7 17. Bh4 {0-1 (54) Kramnik,V (2783)-Caruana,F (2802) Shamkir 2015 CBM 166 [Caruana,F]}) 9. Qb3 Re8 10. Rfe1 e6 $146 {White is slightly better.} ({Predecessor:} 10... c4 11. Qc2 e5 12. h3 e4 13. Nh2 Qc6 14. a4 h6 15. Bh4 g5 16. Bg3 {1-0 (42) Harikrishna,P (2674)-Annaberdiev,M (2457) Doha 2006}) 11. h3 Nh5 12. Nh2 (12. Qxb6 $16 axb6 13. g4) 12... h6 $14 13. Bh4 Ndf6 (13... cxd4 $14 14. cxd4 (14. exd4 Ndf6 $14) 14... Qa5) 14. Ng4 Nxg4 15. Bxg4 Nf6 16. Bf3 cxd4 17. cxd4 Bd7 18. Rec1 Rec8 19. Bg3 Qa5 20. Rc3 Rxc3 21. bxc3 b5 22. Bd6 Rc8 23. Qb4 Qd8 24. Be2 Be8 {[#] aiming for ...a5.} 25. Be5 ({White should try} 25. Qa3 $11) 25... Bf8 $15 26. Qb3 Nd7 27. Bg3 $36 {[%mdl 2048] White has the initiative.} ({Reject} 27. Bxb5 Nxe5 28. Bxe8 Nc4 $17) 27... Qa5 28. Qxb5 Qxc3 29. Rd1 Nb6 30. Qa6 Qb2 31. Bf1 Rc2 32. Qxa7 {[#] Hoping for Rb1.} Na4 $2 {[%mdl 8192]} (32... Nd7 $11 {and Black is okay.}) 33. Rb1 $18 Qc3 34. Rb8 Qc6 35. Qa8 $2 (35. Bb5 $18 {and the rest is easy.} Qxb5 36. Rxb5 Bxb5 37. Nf3) 35... Qxa8 $16 36. Rxa8 Bc6 37. Rc8 (37. Rb8 $16) 37... Nb6 $1 $11 {[%cal Rb6c8]} 38. Rb8 Nd7 $1 {[%cal Rd7b8]} 39. Rc8 {And now Nb3 would win.} Rxd2 40. Rxc6 {Strongly threatening a4.} Nf6 41. Be5 Nd7 42. Bg3 (42. Bh2 $14) 42... Rxa2 43. Rc8 Ra1 44. Rd8 Nf6 (44... Nb6 $1 $11 {keeps the balance.}) 45. Bd6 Nh7 46. g3 Kg7 {The position is equal.} 47. Be5+ f6 48. Rd7+ Kg8 49. Bf4 Ng5 50. Bxg5 hxg5 {KRB-KRB} 51. Rb7 f5 52. Kg2 Ra2 53. Kf3 Ra3 54. Bb5 {Be8 is the strong threat.} Rb3 55. Bc6 Rxb7 {Precision: White = 38%, Black = 43%.} 1/2-1/2

[Event "WYCC 2018 O18"]
[Site "Halkidiki"]
[Date "2018.10.20"]
[Round "1"]
[White "Beukema, Jasper"]
[Black "Abdusattorov, Nodirbek"]
[Result "1-0"]
[WhiteElo "2256"]
[BlackElo "2558"]
[Annotator "TA"]
[PlyCount "55"]
[EventDate "2018.10.20"]
[EventType "swiss"]
[EventCountry "GRE"]
[SourceTitle "playchess.com"]
[Source "ChessBase"]
[SourceQuality "1"]

{[%evp 10,55,0,-2,0,0,0,-27,4,-41,63,60,137,145,200,185,290,290,434,424,434,428,400,410,514,507,504,418,556,556,554,551,545,543,536,516,638,638,683,679,772,656,6311,5926,29989,2902,2122,1978]} 1. e4 c5 2. Nc3 d6 3. g3 Nc6 4. Bg2 g6 5. Nge2 Bg7 6. O-O h5 {B24: Closed Sicilian: 3 g3 sidelines} (6... e6 7. d3 Nge7 8. Bg5 h6 9. Be3 O-O 10. d4 b6 11. a4 Bb7 12. Qd2 Kh7 13. Rfd1 Na5 14. b3 Rc8 15. Rac1 a6 16. dxc5 dxc5 {1-0 (45) Yu,Y (2760)-Smirnov,A (2543) chess.com INT 2018}) 7. h3 e5 8. f4 $146 ({Predecessor:} 8. d3 Nge7 9. a3 Nd4 10. Be3 Be6 11. Nd5 Nxd5 12. exd5 Bd7 13. Bxd4 cxd4 14. c4 {0-1 (31) Debashish,D (2127)-Ly,M (2369) Chennai 2011}) 8... exf4 {Black has an edge.} 9. Nxf4 Nh6 (9... Bd4+ $1 $15 10. Kh1 Nge7) 10. Ncd5 $14 Ne5 (10... Ng8 $14) 11. c3 $16 h4 (11... Ng8 $16 12. d4 cxd4) 12. Qe1 ({Don't take} 12. d4 $6 cxd4 13. cxd4 Nc6 $16) 12... hxg3 (12... Bd7 $142 13. gxh4 Bb5) 13. Qxg3 O-O (13... Rh7 $142 14. d4 cxd4 15. cxd4 Nc6) 14. d4 $18 cxd4 15. Nh5 gxh5 16. Bg5 ({Not} 16. Bxh6 Ng6 $18) 16... h4 17. Qxh4 Ng6 18. Qh5 (18. Bxd8 Nxh4 19. Bxh4 dxc3 $16) 18... Qe8 19. Nf6+ (19. Bxh6 Qe5 $16) 19... Bxf6 20. Rxf6 dxc3 21. bxc3 ({Less strong is} 21. Bxh6 cxb2 22. Raf1 Be6 $16) 21... Qe5 {intending ...Nf5!} 22. Raf1 {[#] Threatens to win with Rxg6+.} Bd7 23. Qxh6 Rac8 24. Kh1 a6 25. h4 Bb5 26. R1f5 Qxc3 27. Bd2 (27. Rxg6+ $142 fxg6 28. e5 Qa1+ 29. Kh2 Qh1+ 30. Kxh1 gxf5 31. Bd5+ Rf7 32. Bxf7+ Kxf7 33. e6+ Kg8 34. Qg6+ Kh8 35. Bf6#) 27... Qa1+ 28. Kh2 {Precision: White = 60%, Black = 26%.} 1-0

[Event "WYCC 2018 O18"]
[Site "Halkidiki"]
[Date "2018.10.20"]
[Round "1"]
[White "Liska, Jiri"]
[Black "Moroni, Luca Jr"]
[Result "0-1"]
[WhiteElo "2245"]
[BlackElo "2554"]
[Annotator "ChessBase"]
[PlyCount "76"]
[EventDate "2018.10.20"]
[EventType "swiss"]
[EventCountry "GRE"]
[SourceTitle "playchess.com"]
[Source "ChessBase"]
[SourceQuality "1"]
[TimeControl "40/5400+30:1800+30"]

1. Nf3 {[%emt 0:00:00]} d5 {[%emt 0:00:00]} 2. d4 {[%emt 0:00:00]} e6 {[%emt 0:00:00]} 3. c4 {[%emt 0:00:00]} a6 {[%emt 0:00:00]} 4. Nbd2 {[%emt 0:00:27]} Nf6 {[%emt 0:01:04]} 5. g3 {[%emt 0:00:37]} b5 {[%emt 0:04:21]} 6. cxb5 {[%emt 0:08:58]} axb5 {[%emt 0:00:37]} 7. Bg2 {[%emt 0:01:14]} Nbd7 {[%emt 0:02:58]} 8. O-O {[%emt 0:01:54]} Bb7 {[%emt 0:02:24]} 9. Nb3 {[%emt 0:06:11]} Ne4 {[%emt 0:04:13]} 10. Bf4 {[%emt 0:08:33]} Be7 {[%emt 0:03:12]} 11. Qd3 {[%emt 0:06:25]} c6 {[%emt 0:04:17]} 12. Ne5 {[%emt 0:09:42]} Nxe5 {[%emt 0:06:20]} 13. Bxe5 {[%emt 0:00:25]} Nf6 {[%emt 0:01:11]} 14. Nc5 {[%emt 0:13:27]} Bxc5 {[%emt 0:04:16]} 15. dxc5 {[%emt 0:00:08]} O-O {[%emt 0:00:07]} 16. e4 {[%emt 0:04:03]} Re8 {[%emt 0:08:59]} 17. Rfd1 {[%emt 0:02:42]} Nd7 {[%emt 0:07:11]} 18. Bd6 {[%emt 0:05:14]} f6 {[%emt 0:03:15]} 19. Bh3 {[%emt 0:07:54]} Ne5 {[%emt 0:03:48]} 20. Bxe5 {[%emt 0:05:30]} fxe5 {[%emt 0:00:10]} 21. Qc3 {[%emt 0:02:46]} Qf6 {[%emt 0:02:51]} 22. Rf1 {[%emt 0:03:26]} Rf8 {[%emt 0:02:52]} 23. b4 {[%emt 0:02:38]} Bc8 {[%emt 0:03:42]} 24. a3 {[%emt 0:01:25]} Ra7 {[%emt 0:01:32]} 25. Rae1 {[%emt 0:02:08]} d4 {[%emt 0:02:01]} 26. Qb3 {[%emt 0:00:31]} Raf7 {[%emt 0:00:44]} 27. Bg2 {[%emt 0:01:17]} h5 {[%emt 0:01:31]} 28. f3 {[%emt 0:01:47]} Qh6 {[%emt 0:03:38]} 29. Qd3 {[%emt 0:03:01]} h4 {[%emt 0:01:07]} 30. Rf2 {[%emt 0:01:27]} hxg3 {[%emt 0:05:20]} 31. hxg3 {[%emt 0:00:02]} Qg5 {[%emt 0:00:19]} 32. g4 {[%emt 0:01:24]} Bd7 {[%emt 0:01:35]} 33. Kf1 {[%emt 0:00:38]} Be8 {[%emt 0:00:33]} 34. Ke2 {[%emt 0:00:22]} Rf4 {[%emt 0:00:35]} 35. Ref1 {[%emt 0:00:39]} Bg6 {[%emt 0:00:16]} 36. Ke1 {[%emt 0:00:30]} Bxe4 {[%emt 0:01:29]} 37. fxe4 {[%emt 0:00:32]} Rxf2 {[%emt 0:00:07]} 38. Rxf2 {[%emt 0:00:24]} Qc1+ {[%emt 0:00:04]} 0-1

[Event "WYCC 2018 O18"]
[Site "Halkidiki"]
[Date "2018.10.20"]
[Round "1"]
[White "Ozates, Tuna"]
[Black "Triapishko, Alexandr"]
[Result "0-1"]
[WhiteElo "2225"]
[BlackElo "2508"]
[Annotator "TA"]
[PlyCount "152"]
[EventDate "2018.10.20"]
[EventType "swiss"]
[EventCountry "GRE"]
[SourceTitle "playchess.com"]
[Source "ChessBase"]
[SourceQuality "1"]

{[%evp 9,152,0,32,0,56,1,21,7,16,0,-8,-13,-11,-35,-17,-14,-3,-12,-4,-1,0,-2,0,0,4,0,39,23,38,20,36,31,12,31,39,30,31,33,39,35,36,33,41,39,51,50,60,0,33,11,11,0,0,0,-12,-27,-23,-31,-31,-80,-72,-81,-69,-117,-113,-111,-94,-123,-100,-100,-100,-168,-122,-191,-188,-184,-184,-223,-200,-251,-264,-275,-266,-424,-406,-458,-443,-520,-528,-514,-459,-406,0,-374,-349,-326,-245,-252,-226,-225,-222,-244,-247,-257,-249,-237,-235,-739,-734,-1281,-1150,-1885,-1891,-1812,-1811,-1833,-1808,-1861,-1831,-1841,-1836,-1817,-1810,-1817,-1817,-1802,-1794,-1795,-1843,-1641,-1462,-1677,-830,-1811,-1995,-1541,-1525,-1365,-1158,-12833,-12830,-12842,-12842,-29987,-29988]} 1. d4 d5 2. Bf4 c5 3. e3 Nc6 4. c3 Nf6 5. Nd2 g6 {[%cal Bg7g6,Bg6g5][%mdl 32]} (5... Bf5 6. Ngf3 e6 7. Nh4 Be4 8. Nhf3 Bf5 9. Nh4 Be4 10. Qb3 Qc8 11. Nhf3 Bf5 12. Be2 Be7 13. O-O O-O 14. h3 h6 15. Rfe1 c4 16. Qd1 b5 {1-0 (66) Grachev,B (2626)-Najer,E (2663) Moscow 2018}) 6. Ngf3 {D00: 1 d4 d5: Unusual lines} Bg7 (6... Qb6 $11) 7. Be2 (7. dxc5 $14 O-O 8. h3) 7... O-O 8. O-O {The position is equal.} Nh5 9. Bg5 h6 10. Bh4 g5 11. Bg3 Nxg3 12. hxg3 Qd6 13. dxc5 Qxc5 14. Nb3 $146 {[%mdl 2048] White has good play.} Qd6 15. Qc2 Rd8 16. Rad1 Qc7 17. Rd2 b6 18. Rfd1 Bb7 19. Nbd4 ({Much weaker is} 19. Rxd5 Rxd5 20. Rxd5 g4 $17) 19... e6 20. Nxc6 $1 Bxc6 21. Nd4 Bb7 22. Bf3 Qe5 23. g4 a6 24. a4 Rac8 25. Qb3 Qc7 26. Be2 Qc5 27. Bd3 Rb8 28. Be2 (28. Bb1 $14) 28... Bc8 29. e4 Bb7 30. Bf3 {Threatens to win with exd5.} Qc7 31. exd5 Bxd5 32. Bxd5 Rxd5 33. Nf3 Rxd2 34. Rxd2 Qf4 35. Qd1 Qxg4 36. Rd8+ Rxd8 37. Qxd8+ Kh7 38. Qd3+ Qf5 39. Qxf5+ exf5 $17 {[%cal Be6f5,Bf5f4][%mdl 4128] Endgame KB-KN} 40. Kf1 (40. Nd2 $17) 40... Kg6 41. Ke2 {[#]} (41. Nd2 $17) 41... f4 $1 $19 42. Nd2 Be5 43. f3 Kf5 44. Ne4 Ke6 45. Kd3 f5 46. Nf2 (46. Nd2 {was the only defense.}) 46... Kd5 47. b3 h5 48. Nh3 g4 49. Nf2 Bd6 50. Ke2 Be5 51. Kd3 $1 Bf6 52. Kd2 Kd6 53. Kc2 Bg5 54. Kd2 Bh4 55. Nd3 {[#]} Bf6 $1 56. Nf2 Kc6 57. Kc2 Be7 58. Nd3 $2 (58. Kd2) 58... h4 59. Kd2 h3 60. gxh3 gxh3 61. Nf2 h2 62. Ke2 Bh4 {( -> ...Bxf2)} 63. Nh1 Kc5 64. Kd2 Bg3 65. Ke2 Kd5 66. Kd2 Ke5 67. Ke2 Kf6 68. Kf1 Kf7 69. Ke2 Bh4 70. Kd2 Bf6 71. Kd3 Kg6 72. b4 Kf7 73. Kc4 Ke6 74. a5 b5+ 75. Kc5 Bxc3 76. Kb6 Kd6 {Precision: White = 44%, Black = 67%.} 0-1

[Event "WYCC 2018 O18"]
[Site "Halkidiki"]
[Date "2018.10.20"]
[Round "1"]
[White "Petersson, Baldur Teodor"]
[Black "Gholami, Aryan"]
[Result "0-1"]
[WhiteElo "2195"]
[BlackElo "2493"]
[Annotator "TA"]
[PlyCount "70"]
[EventDate "2018.10.20"]
[EventType "swiss"]
[EventCountry "GRE"]
[SourceTitle "playchess.com"]
[Source "ChessBase"]
[SourceQuality "1"]

{[%evp 22,70,20,19,25,0,0,0,49,-42,-41,-44,-43,-67,-39,-53,-44,-90,-69,-156,-145,-125,-125,-202,-210,-313,-110,-363,-365,-373,-368,-368,-368,-368,-369,-841,-825,-840,-832,-1227,-1175,-1262,-1069,-1593,-1590,-2040,-1977,-2715,-2616,-2506,-2491]} 1. e4 c5 2. Nf3 Nc6 3. d3 g6 4. g3 Bg7 5. Bg2 e5 6. O-O Nge7 7. c3 O-O 8. a3 d6 9. b4 b6 10. Bb2 {A04: Unusual lines after 1 Nf3 and King's Indian Attack} h6 11. b5 Na5 12. c4 {LiveBook: 4 Games. The position is equal.} f5 $146 {[%cal Bf7f5,Bf5f4][%mdl 32]} ({Predecessor:} 12... a6 13. a4 Bd7 14. Nfd2 axb5 15. axb5 Nb7 16. Nc3 Qc7 17. Rxa8 Rxa8 {1-0 (29) Amin,B (2698)-Bulski,K (2536) Germany 2017}) 13. Nfd2 f4 14. g4 h5 15. h3 (15. gxh5 $14 gxh5 16. Nc3 (16. Qxh5 Rf6 $11)) 15... hxg4 $15 16. hxg4 Bf6 17. Bf3 Kg7 18. Kg2 Rh8 19. Rh1 Be6 20. Be2 (20. Nc3 $15) 20... Rxh1 $17 21. Qxh1 Qd7 $36 {[%mdl 2048] Black is on the roll.} 22. f3 (22. Kf1 $17) 22... Rh8 $19 23. Qd1 (23. Qf1 $142) 23... Rh6 $2 (23... Qd8 $19 {And now ...Rh6 would win.} 24. Bf1 Qg8) 24. Nc3 $2 {[%mdl 8192]} (24. Kg1 $17) 24... Qc8 25. Nd5 Qh8 {[#] ( -> ...Rh2+)} 26. Qg1 Rh3 27. Nf1 Bxd5 28. exd5 $2 (28. cxd5 Nb3 29. Rd1) 28... Nb3 {Black is clearly winning.} 29. Rd1 g5 30. d4 cxd4 31. Bd3 Nc5 32. Bc2 Ng6 33. Kf2 e4 34. Bxe4 Nxe4+ 35. fxe4 Qh4+ {Precision: White = 19%, Black = 65%.} 0-1

[Event "WYCC 2018 O18"]
[Site "Halkidiki"]
[Date "2018.10.20"]
[Round "1"]
[White "Goncalves, Davi Sulzbacher"]
[Black "Costachi, Mihnea"]
[Result "0-1"]
[WhiteElo "2177"]
[BlackElo "2484"]
[Annotator "TA"]
[PlyCount "62"]
[EventDate "2018.10.20"]
[EventType "swiss"]
[EventCountry "GRE"]
[SourceTitle "playchess.com"]
[Source "ChessBase"]
[SourceQuality "1"]

{[%evp 19,62,-33,-19,-36,-16,-58,-58,-57,-25,-29,-34,-86,-81,-91,-89,-91,-79,-83,-85,-81,-90,-92,-81,-75,-87,-83,-93,-93,-90,-96,-87,-106,-85,-93,-85,-141,-151,-156,-158,-29989,-29990,-29990,-29991,-29991,-2536]} 1. d4 Nf6 2. c4 g6 3. Nf3 Bg7 4. g3 O-O 5. Bg2 d6 6. O-O Nc6 7. Nc3 Bf5 8. Re1 Ne4 9. Nh4 Nxc3 {E62: King's Indian: Fianchetto: 6...c6 and Panno Variation (6...Nc6) without ...a6} 10. bxc3 Bd7 {LiveBook: 4 Games} 11. Qd3 (11. e4 e5 12. Be3 b6 13. Qd2 Na5 14. Bf1 Be6 15. d5 Bc8 16. Rab1 Ba6 17. Rb4 {0-1 (41) Kerkvliet,M (2187)-Gavrilov,A (2491) Leiden 2017}) 11... e5 {[%cal Re5d4] Black is slightly better.} 12. Bb2 $146 ({Predecessor:} 12. d5 Na5 13. e4 f5 14. Bd2 Qf6 15. c5 fxe4 16. Qe3 Nc4 {0-1 (16) Zecevic,I (1913)-Begus,D (2321) Serbia 2011}) 12... f5 13. e4 fxe4 14. Bxe4 Qf6 15. Nf3 ({White should try} 15. Qf1 $15) 15... Bg4 $1 $17 {[%cal Rg4f3]} 16. Kg2 exd4 17. cxd4 Nb4 $1 {[%cal Rb4d3]} 18. Qb3 Rae8 19. h3 {[#]} Bxh3+ $1 {[%mdl 512]} 20. Kxh3 {And now Kg2 would win.} Rxe4 $1 21. Rxe4 {[#]} Qf5+ $1 22. Kg2 ({But not} 22. Rg4 $2 h5 $19) 22... Qxe4 23. Re1 {[#]} Qf5 $1 $36 {[%mdl 2048] White is under strong pressure.} 24. Re3 Bh6 25. Rc3 Nc6 {Strongly threatening ...Nxd4!} (25... a5 {feels hotter.} 26. a3 Bd2 27. axb4 Bxc3 28. Qxc3 axb4 29. Qb3 Qe4) 26. Qxb7 {[#]} Nxd4 $1 {[%mdl 512]} 27. Nxd4 (27. Qd5+ $142 Qxd5 28. cxd5 Nxf3 29. Rxf3) 27... Qxf2+ 28. Kh3 Qxd4 29. Qxc7 $2 (29. Rc2 $17 Qg1 30. Qd5+ Rf7 31. Bd4 Qf1+ 32. Kh2) 29... Qe4 {Black mates.} 30. Qa5 Qh1+ 31. Kg4 Rf5 {Precision: White = 40%, Black = 87%.} (31... Qd1+ $142 32. Kh3 Qh1+ 33. Kg4 Rf5 34. Qxf5 gxf5+ 35. Kxf5 Qb1+ 36. Ke6 Qxb2 37. Rb3 Qxa2 38. Rb8+ Bf8 39. Rc8 Qf2 40. Kd7 Qxg3 41. c5 dxc5 42. Kc6 Qb3 43. Kd7 Qb5+ 44. Rc6 c4 45. Kd8 Bc5 46. Rf6 c3 47. Rh6 Qb7 48. Rf6 c2 49. Rf3 c1=Q 50. Rg3+ Kh8 51. Rh3 Qg5+ 52. Ke8 Qg8#) 0-1